000 00363cam a22001217a 4500
008 180718b1950 xxu||||| |||| 00| 0 eng d
082 _aT3942x54 D34
100 _aDey, H.L.
245 _aPolicy of protection in India: a retrospect
_cby H.L. Dey
260 _aPoona
_bGokhale Institute of Politics and Economics
_c1950
300 _a23p.
650 _aTariff --India.
999 _c434132
_d434132